MARC

LEADER 00000nam0a2200000 4500
001 323605
005 20231102003603.0
010 |b 5000 экз. 
035 |a (RuTPU)RU\TPU\book\349192 
090 |a 323605 
100 |a 20161024d1926 km y0rusy50 ca 
101 1 |a rus  |c eng 
102 |a RU 
105 |a y z 000zy 
200 1 |a Ум первобытного человека  |f Ф. Боас  |g пер. с англ. А. М. Водена 
210 |a Москва  |a Ленинград  |c Государственное изд-во  |d 1926 
215 |a 153 с. 
316 |5 63413507: М-132121  |a На обложке и титульном листе владельческая подпись: "Бутаков"  
317 |5 63413507: М-132121  |a Поступила в НТБ в 1970 г. в составе книжного собрания профессора ТПИ И. Н. Бутакова 
606 1 |a Человек  |x Философские проблемы  |x (антропология)  |2 stltpush  |3 (RuTPU)RU\TPU\subj\18588  |9 43986 
610 1 |a расы 
610 1 |a типы 
610 1 |a окружающая среда 
610 1 |a наследственность 
610 1 |a влияние 
610 1 |a язык 
610 1 |a культура 
610 1 |a умственные способности 
610 1 |a интеллект 
610 1 |a этнология 
610 1 |a владельческая надпись 
610 1 |a библиотека И. Н. Бутакова 
675 |a 572  |v 4 
700 1 |a Боас  |b Ф.  |c американский антрополог немецкого происхождения  |c лингвист  |c этнограф  |f 1858-1942  |g Франц  |2 stltpush  |3 (RuTPU)RU\TPU\pers\18937  |9 7134 
702 1 |a Воден  |b А. М.  |4 730 
801 1 |a RU  |b 63413507  |c 20161024 
801 2 |a RU  |b 63413507  |c 20190723  |g RCR 
942 |c BK